| 000 | 00608nam a22001937a 4500 | ||
|---|---|---|---|
| 005 | 20240827163631.0 | ||
| 010 | _aENG-141480 | ||
| 020 |
_a9788178245560 _c595.00 |
||
| 035 | _aEN-125012 | ||
| 037 | _bDBAD | ||
| 082 |
_aN _21 |
||
| 100 |
_aKross, Jaan _970612 |
||
| 245 |
_aThe Czar's Madman/ _cBy Jaan Kross [and] Translated By Anselm Hollo |
||
| 260 |
_aRanikhet _bPermanent Black _c2020 |
||
| 270 |
_aHimalayana Mall Road,Ranikhet Cantt, _bRanikhet _e263645 _mperblack@gmail.com |
||
| 300 |
_axii,352p.: _c21cm(pb) _bIndex |
||
| 700 |
_aHollo, Anselm _eTranslated _970613 |
||
| 942 |
_2ddc _cEN _hN _mKRO _e1 |
||
| 999 |
_c205319 _d205319 |
||